[Event "Invitation"]
[Site "http://www.queenalice.com/game.php?id=267121"]
[Date "2007.9.5"]
[Round "-"]
[White "Dani"]
[Black "MPAIVA"]
[Result "0-1"]
[WhiteElo "861"]
[BlackElo "1500"]

1. Nf3 h5 2. e4 f6 3. e5 d6 4. Bb5+ c6 5. Ba4 fxe5 6. d3 a6 7. b3 g6 8. O-O Nf6
9. d4 exd4 10. Nxd4 b5 11. Ne6 Bxe6 12. Qd2 Ne4 13. Qe3 Bf5 14. c3 Bh6 15. Qd4
Rh7 16. Re1 Nd7 17. f3 Nef6 18. Nd2 bxa4 19. bxa4 c5 20. Qc4 Rh8 21. Rb1 Rb8 22.
Ra1 Ra8 23. h3 Nb6 24. Qe2 Nxa4 25. Qe3 Bxe3+ 26. Rxe3 Rb8 27. a3 g5 28. Nc4 d5
29. Ne5 Rb1 30. Rxb1 Bxb1 31. Bd2 Nb2 32. Nc6 Qd7 33. Rxe7+ Qxe7 34. Nxe7 Kxe7
35. f4 gxf4 36. Bxf4 Ne4 37. g3 Nxc3 38. Kg2 d4 39. h4 Rf8 40. Be5 Be4+ 41. Kh3
Rf5 42. Bc7 d3 43. Bb6 d2 44. Bxc5+ Rxc5 0-1

[Event "Challenge"]
[Site "http://www.queenalice.com/game.php?id=267454"]
[Date "2007.9.5"]
[Round "-"]
[White "crisvolei"]
[Black "MPAIVA"]
[Result "1-0"]
[WhiteElo "1330"]
[BlackElo "1500"]

1. e4 e5 2. d3 Nc6 3. g4 Nh6 4. g5 Ng8 5. Bh3 f6 6. Qh5+ g6 7. Qh4 Nd4 8. Kd2
fxg5 9. Qg3 Bb4+ 10. c3 Ba5 11. Kd1 Nc6 12. Bxg5 Nge7 13. Nf3 Rf8 14. b4 Bb6 15.
b5 Na5 16. Nxe5 d6 17. Bxc8 Rxc8 18. Rf1 d5 19. exd5 Nf5 20. Qf4 Qxd5 21. Bh6
Nxh6 22. Qxh6 Qxe5 23. Re1 Qxe1+ 24. Kxe1 Rxf2 25. Qxh7 Rf7 26. Qxg6 Kf8 27. Nd2
Re8+ 28. Ne4 c6 29. Qd6+ Kg7 30. Kd2 cxb5 31. d4 Rxe4 32. Rg1+ Kh7 33. Qg6+ Kh8
34. Qg8# 1-0

[Event "Challenge"]
[Site "http://www.queenalice.com/game.php?id=267966"]
[Date "2007.9.6"]
[Round "-"]
[White "MPAIVA"]
[Black "Fariajj"]
[Result "0-1"]
[WhiteElo "1194"]
[BlackElo "1660"]

1. d4 d5 2. Nf3 c5 3. dxc5 Qa5+ 4. c3 Qxc5 5. Be3 Qd6 6. Qa4+ Nc6 7. g3 e5 8.
Na3 a6 9. Rd1 Be6 10. c4 Nf6 11. cxd5 Nxd5 12. Bg5 Qc7 13. Nc4 b5 14. Qb3 g6 15.
Ncd2 Na5 16. Qd3 Bg7 17. Ne4 O-O 18. Qd2 f6 19. Bxf6 Nxf6 20. Nxf6+ Bxf6 21. Rc1
Qb6 0-1

[Event "Challenge"]
[Site "http://www.queenalice.com/game.php?id=268113"]
[Date "2007.9.7"]
[Round "-"]
[White "mogerio"]
[Black "MPAIVA"]
[Result "1-0"]
[WhiteElo "1219"]
[BlackElo "1244"]

1. e4 e5 2. d4 exd4 3. Qxd4 Nc6 4. Qe3 Qe7 5. Bd2 d6 6. Bc4 a6 7. Nf3 b5 8. Bd3
g6 9. O-O Bh6 10. Qe1 Be6 11. Bxh6 Nxh6 12. Nc3 f5 13. exf5 gxf5 14. Ng5 Nd8 15.
Nxe6 1-0

[Event "Challenge"]
[Site "http://www.queenalice.com/game.php?id=268194"]
[Date "2007.9.7"]
[Round "-"]
[White "MPAIVA"]
[Black "silverhawks"]
[Result "0-1"]
[WhiteElo "1216"]
[BlackElo "1992"]

1. d4 d5 2. e3 Nf6 3. Bb5+ Bd7 4. Bf1 Nc6 5. c3 g6 6. g3 Bg7 7. b3 O-O 8. Nf3
Bg4 9. Bg2 a5 10. h3 Bf5 11. Nh4 Be4 12. f3 Bxb1 13. Rxb1 Nh5 14. g4 Ng3 15. Rh2
e5 16. Nxg6 fxg6 17. h4 Qd6 18. Kf2 Ne4+ 19. Kf1 Nxc3 20. Qc2 Nxb1 21. Qxb1 Nb4
22. Ba3 Qa6+ 23. Kf2 exd4 24. exd4 Bxd4+ 25. Ke1 Rae8+ 26. Kd2 Qe2+ 27. Kc1 Qe1#
0-1

[Event "Challenge"]
[Site "http://www.queenalice.com/game.php?id=270518"]
[Date "2007.9.12"]
[Round "-"]
[White "eriquec"]
[Black "MPAIVA"]
[Result "0-1"]
[WhiteElo "1157"]
[BlackElo "1310"]

1. e4 d6 2. h4 h5 3. Rh3 Nf6 4. Qf3 g6 5. Rg3 Qd7 6. a4 Qe6 7. d4 Nxe4 8. Rg5
Nxg5+ 9. Be2 Nxf3+ 10. gxf3 Bg7 11. Nd2 Bxd4 12. Nb3 Bb6 13. a5 Bc5 14. Ra4 Bd7
15. Nh3 Qxh3 16. Re4 Bf5 17. Rc4 b5 18. Rc3 Bb4 19. Nd4 Qh1+ 20. Bf1 Bh3 21. f4
Qxf1+ 22. Kd2 c6 23. Ne2 c5 24. Ng3 Qxf2+ 25. Ne2 Bf1 26. Kd3 Qxe2# 0-1

[Event "Challenge"]
[Site "http://www.queenalice.com/game.php?id=270902"]
[Date "2007.9.13"]
[Round "-"]
[White "MPAIVA"]
[Black "crisvolei"]
[Result "0-1"]
[WhiteElo "1180"]
[BlackElo "1303"]

1. g4 d5 2. d4 Bxg4 3. Bh3 Qd7 4. f3 Bxh3 5. Nxh3 Qxh3 6. Qd3 Qg2 7. Rf1 Qxh2 8.
Qe3 e6 9. Qg1 Qxg1 10. Rxg1 a5 11. a4 h5 12. Bf4 Bb4+ 13. Kd1 Nc6 14. c3 e5 15.
Bg5 Be7 16. Be3 Nf6 17. Rxg7 e4 18. fxe4 Nxe4 19. Nd2 Nf2+ 20. Bxf2 Bf6 21. Rg2
h4 22. Kc2 h3 23. Rh2 Bg5 24. e3 O-O-O 25. Rg1 Rdg8 26. Nf3 f6 27. Nxg5 fxg5 28.
Kd2 g4 29. Ke2 Ne7 30. Kd3 Nf5 31. e4 dxe4+ 32. Kxe4 g3 33. Kxf5 gxh2 34. Rh1
Rg2 35. Be3 Rf8+ 36. Ke4 Kd7 37. Kd3 Ke6 38. Ke4 Rf5 39. Bf4 Rg1 40. Rxh2 Re1+
41. Kf3 Rh5 42. Kg4 Rh7 43. Bd2 Rg1+ 44. Kf4 Rg2 45. Rxh3 Rxh3 46. Bc1 Rh4+ 47.
Ke3 Rh1 48. Kf3 Rg5 49. Bxg5 Rf1+ 50. Ke4 Rb1 51. d5+ Kd7 52. Kd4 Rxb2 53. Kc4
b5+ 54. axb5 a4 55. Bc1 a3 56. Kc5 Rb3 57. Bxa3 Rxa3 58. Kb4 Ra1 59. c4 Rb1+ 60.
Kc5 Rb3 61. Kd4 Rg3 62. Kc5 Rg6 63. Kb4 Rb6 64. c5 Rf6 65. c6+ Kc8 66. Kc5 Rf8
0-1

[Event "Challenge"]
[Site "http://www.queenalice.com/game.php?id=270958"]
[Date "2007.9.13"]
[Round "-"]
[White "MPAIVA"]
[Black "Dani"]
[Result "1-0"]
[WhiteElo "1190"]
[BlackElo "1018"]

1. d4 b6 2. c3 e6 3. g3 Bb7 4. f3 f5 5. h4 g6 6. b4 c5 7. dxc5 bxc5 8. bxc5 Bxc5
9. a3 d6 10. Bf4 e5 11. Bg5 Nf6 12. Qd2 h6 13. Qb2 Ba6 14. Bd2 Ng4 15. fxg4 fxg4
16. e3 O-O 17. Bg2 Nd7 18. Ne2 Rb8 19. Qc2 Rb6 20. Qxg6+ Kh8 21. Qxh6+ Kg8 22.
Rf1 Nf6 23. Rf5 Rb2 24. Rg5+ Kf7 25. Bc1 Rb3 26. Rg7+ Ke6 27. Nd2 Rb6 28. Rxa7
Qb8 29. Rg7 d5 30. Rg5 d4 31. exd4 Bd6 32. dxe5 Bxe5 33. Nf4+ Kd6 34. Ne4+ Kd7
35. Rxe5 Qd8 36. Be3 Nxe4 37. Bxb6 Nxg3 38. Bxd8 Rxd8 39. Qxa6 Rf8 40. Bc6+ Kd6
41. Re6+ Kc5 42. Qa5+ Kc4 43. Qb4# 1-0

[Event "Challenge"]
[Site "http://www.queenalice.com/game.php?id=271443"]
[Date "2007.9.14"]
[Round "-"]
[White "EMB2"]
[Black "MPAIVA"]
[Result "1-0"]
[WhiteElo "1480"]
[BlackElo "1214"]

1. e4 e5 2. Nf3 d6 3. Bc4 b6 4. d3 f6 5. Nc3 g5 6. Ng1 h5 7. g3 g4 8. f3 gxf3 9.
Qxf3 Nc6 10. Bxg8 Rxg8 11. Qxh5+ Ke7 12. Nd5+ Ke6 13. Qf5+ Kf7 14. Qh5+ Ke6 15.
Nh3 Ne7 16. Nxe7 Kxe7 17. O-O Bg4 18. Qh4 Rg6 19. Rxf6 Rxf6 20. Bg5 Bg7 21. Qxg4
Ke8 22. Bxf6 1-0

[Event "Treino"]
[Site "http://www.queenalice.com/game.php?id=271458"]
[Date "2007.9.14"]
[Round "-"]
[White "renan_lelis"]
[Black "MPAIVA"]
[Result "1-0"]
[WhiteElo "1343"]
[BlackElo "1194"]

1. e4 e5 2. Nh3 d6 3. d3 b6 4. c3 g6 5. g3 f6 6. f4 h5 7. f5 gxf5 8. exf5 Bxf5
9. Bg2 Bg4 10. Qc2 Qd7 11. Bxa8 Bxh3 12. b4 Qc8 13. Qa4+ c6 14. Nd2 b5 15. Qxa7
Bg2 16. Bb7 Qd8 17. Rg1 Bh3 18. Nb3 Qc7 19. Na5 Bc8 20. Qa8 1-0

[Event "Challenge"]
[Site "http://www.queenalice.com/game.php?id=271628"]
[Date "2007.9.14"]
[Round "-"]
[White "MPAIVA"]
[Black "eriquec"]
[Result "0-1"]
[WhiteElo "1372"]
[BlackElo "1080"]

1. d4 h5 2. e4 g5 3. Bxg5 Nc6 4. d5 Ne5 5. f4 Ng6 6. c4 c5 7. Nc3 Qb6 8. f5 Ne5
9. b3 Qa5 10. Qd2 f6 11. Bf4 Rh6 12. Bxh6 Bxh6 13. Qd1 Qxc3+ 14. Kf2 Be3+ 15.
Ke2 Bd4 16. Rc1 Qe3# 0-1

[Event "Let's Play Chess!"]
[Site "http://www.queenalice.com/game.php?id=276447"]
[Date "2007.9.24"]
[Round "-"]
[White "MPAIVA"]
[Black "eldalai"]
[Result "0-1"]
[WhiteElo "1205"]
[BlackElo "1433"]

1. d4 d5 2. c3 Nf6 3. e3 Ne4 4. f3 Ng5 5. h4 Ne6 6. a3 Qd6 7. f4 Nc6 8. Nf3 f6
9. g3 Na5 10. Bh3 Nb3 11. Qxb3 b6 12. Nbd2 Nd8 13. e4 Bxh3 14. Rxh3 Qd7 15. g4
c6 16. f5 Nb7 17. Nf1 Na5 0-1

[Event "AUTO-OPEN-841"]
[Site "http://www.queenalice.com/game.php?id=276524"]
[Date "2007.9.24"]
[Round "1"]
[White "Camaraujo"]
[Black "MPAIVA"]
[Result "1-0"]
[WhiteElo "1670"]
[BlackElo "1244"]

1. Nf3 d5 2. Nc3 c6 3. d4 e6 4. Bf4 h6 5. e3 g5 6. Bg3 Nf6 7. Bd3 Qb6 8. Rb1
Nbd7 9. O-O Nh5 10. Qe2 Nxg3 11. fxg3 Bg7 12. b4 O-O 13. Na4 1-0

[Event "AUTO-OPEN-841"]
[Site "http://www.queenalice.com/game.php?id=276525"]
[Date "2007.9.24"]
[Round "1"]
[White "MPAIVA"]
[Black "Camaraujo"]
[Result "0-1"]
[WhiteElo "1244"]
[BlackElo "1672"]

1. d4 d5 2. e3 Nf6 3. Nc3 e6 4. Bb5+ c6 5. Be2 c5 6. Bb5+ Nc6 7. Nf3 Be7 8. Ng5
h6 9. Nf3 O-O 10. Bf1 Bd7 11. Bd3 cxd4 12. exd4 Qb6 0-1